Library Logo

Pioneer International University Library Catalogue

Africa's development in historical perspective / (Record no. 4284)

MARC details
000 -LEADER
fixed length control field 00657cam a2200157 i 4500
005 - DATE AND TIME OF LATEST TRANSACTION
control field 20250901165445.0
008 - FIXED-LENGTH DATA ELEMENTS--GENERAL INFORMATION
fixed length control field 140116s2014 nyuab b 001 0 eng c
010 ## - LIBRARY OF CONGRESS CONTROL NUMBER
LC control number 2014001822
020 ## - INTERNATIONAL STANDARD BOOK NUMBER
International Standard Book Number 9781107041158 (hardback : alk. paper)
020 ## - INTERNATIONAL STANDARD BOOK NUMBER
International Standard Book Number 9781107691209 (pbk. : alk. paper)
050 00 - LIBRARY OF CONGRESS CALL NUMBER
Classification number HC800 .A57255 2014
Item number .A57255 2014
082 04 - DEWEY DECIMAL CLASSIFICATION NUMBER
Classification number 338.96009
Edition information 23
245 00 - TITLE STATEMENT
Title Africa's development in historical perspective /
Statement of responsibility, etc. edited by Emmanuel Akyeampong, Harvard University, Robert H. Bates, Harvard University, Nathan Nunn, Harvard University, James A. Robinson, Harvard University.
300 ## - PHYSICAL DESCRIPTION
Extent xiii, 526 pages :
Other physical details illustrations, maps ;
Dimensions 24 cm
942 ## - ADDED ENTRY ELEMENTS (KOHA)
Source of classification or shelving scheme Library of Congress Classification
Holdings
Withdrawn status Lost status Source of classification or shelving scheme Damaged status Not for loan Home library Current library Shelving location Date acquired Total checkouts Full call number Barcode Date last seen Price effective from Koha item type
    Library of Congress Classification     Main Library Main Library   04/06/2021   HC800 .A57255 2014 PIU0170426 04/06/2021 04/06/2021 Books